logic học phật giáo

שמור ב:
מידע ביבליוגרפי
מחבר ראשי: Phạm, Quỳnh
פורמט: ספר
יצא לאור: Hà Nội Chính trị quốc gia Sự Thật 2014
נושאים:
תגים: הוספת תג
אין תגיות, היה/י הראשונ/ה לתייג את הרשומה!
Thư viện lưu trữ: Trung tâm Học liệu Lê Vũ Hùng, Trường Đại học Đồng Tháp
LEADER 00667pam a22002058a 4500
001 00040309
005 20171122151157.0
008 110330s1995 ||||||Viesd
020 # # |a 978 604 57 0164 5  |c 53000 
041 0 # |a Vie 
082 1 4 |a 181.043  |b L427H 
100 0 # |a Phạm, Quỳnh 
245 0 0 |c Phạm Quỳnh  |a logic học phật giáo 
260 # # |a Hà Nội  |b Chính trị quốc gia Sự Thật  |c 2014 
300 # # |a 324 tr.  |c 21 cm. 
653 # # |a Logic học 
653 # # |a Đạo Phật 
852 # # |j KM.0023869  |j KD.0022734  |j KM.0023870 
910 |d 22/11/2017 
980 # # |a Trung tâm Học liệu Lê Vũ Hùng, Trường Đại học Đồng Tháp